| 000 | 00360nam a22001337a 4500 | ||
|---|---|---|---|
| 008 | 230620b xxu||||| |||| 00| 0 eng d | ||
| 082 |
_a323 _bUNI |
||
| 110 | _bUN | ||
| 245 |
_aHuman Rights _bA Compilation of International Instruments _cVolume 1 (2nd part) |
||
| 260 |
_aNew york _bUN _c1993 |
||
| 300 | _a946p | ||
| 440 |
_vvolume 2 _x02552353 |
||
| 942 |
_2ddc _cBK |
||
| 999 |
_c1836 _d1836 |
||